| 000 | 00590nam a2200193Ia 4500 | ||
|---|---|---|---|
| 005 | 20250508151057.0 | ||
| 008 | 008 250505s9999 xx 000 0 eng d | ||
| 037 | _aTextual | ||
| 040 |
_aFEDL _beng _cFEDL |
||
| 041 |
_aeng _2eng |
||
| 084 |
_a155.4, MOU _qFEDL |
||
| 100 |
_aMoustakas Clark E. _9628362 |
||
| 245 | 0 | _aChildren in play therapy: A key understanding normal and disturbed emotions | |
| 260 |
_aNew York, USA _bMcGraw Hill Book Company _c1953 |
||
| 300 | _aix,218p | ||
| 650 | _aChild psychology | ||
| 942 |
_cTEXL _h155.4, MOU |
||
| 999 |
_c1327447 _d1327447 |
||